「新」を含む市区町村 - Statistics

General Stats
  • This quiz has been taken 882 times
  • The average score is 13 of 22
Answer Stats
Hint Answer % Correct
新潟県 新潟市
89%
北海道 新ひだか町
77%
北海道 新十津川町
71%
山形県 新庄市
70%
岡山県 新見市
69%
東京都 新宿区
68%
愛媛県 新居浜市
67%
新潟県 新発田市
64%
和歌山県 新宮市
64%
愛知県 新城市
63%
埼玉県 新座市
59%
兵庫県 新温泉町
59%
長崎県 新上五島町
59%
東京都 新島村
58%
北海道 新冠町
53%
北海道 新得町
51%
北海道 新篠津村
50%
福岡県 新宮町
45%
岡山県 新庄村
41%
青森県 新郷村
37%
福島県 新地町
34%
宮崎県 新富町
34%
No matching quizzes found
Score Distribution
Percent of People with Each Score
Percentile by Number Answered
Your Score History
You have not taken this quiz